UNESCO: development of libaries and documentation centres in developing countrie (Record no. 4027)

MARC details
000 -LEADER
fixed length control field 00560nam a2200169Ia 4500
020 ## - INTERNATIONAL STANDARD BOOK NUMBER
ISBN 81-7844-025-3
082 ## - DEWEY DECIMAL CLASSIFICATION NUMBER
Classification number 025.0601 BHA-U SL1
100 ## - MAIN ENTRY--AUTHOR NAME
Personal name Bhatt, R.K.
245 #0 - TITLE STATEMENT
Title UNESCO: development of libaries and documentation centres in developing countrie
260 ## - PUBLICATION, DISTRIBUTION, ETC. (IMPRINT)
Place of publication New Delhi
Name of publisher K.K. Publications
Year of publication 2004
300 ## - PHYSICAL DESCRIPTION
Number of Pages xiii, 367
504 ## - BIBLIOGRAPHY, ETC. NOTE
Bibliography, etc inculdes appendix and index
650 ## - SUBJECT ADDED ENTRY--TOPICAL TERM
Topical Term UNESCO
Form subdivision Documentation centres
-- Developing countries
650 ## - SUBJECT ADDED ENTRY--TOPICAL TERM
Topical Term UNESCO
Form subdivision Developing countries
-- Libraries
650 ## - SUBJECT ADDED ENTRY--TOPICAL TERM
Topical Term Library and information science
942 ## - ADDED ENTRY ELEMENTS (KOHA)
Koha item type Books
Holdings
Withdrawn status Lost status Damaged status Not for loan Home library Current library Date acquired Source of acquisition Bill Date Full call number Accession Number Price effective from Koha item type
        NASSDOC Library NASSDOC Library 03/03/2005 KK 2005-02-11 025.0601 BHA-U SL1 40430 18/04/2019 Books